000 00374nam a2200157Ia 4500
008 230917s9999||||xx |||||||||||||| ||und||
040 _e27222
_aMAIN
041 _aEnglish
082 _a332.4 D284M
100 _aDavidson, Paul
245 0 _aMoney and the real world
250 _a2nd ed.
260 _aLondon
_bMacmillan
_c1978
300 _axvii, 428 p.
942 _cBK
999 _c194486
_d194486